Statistiques concernant Les pokémons ayant une mega-évolution

Cliquez ici pour prendre le quiz!

Statistiques générales

  • Ce quiz a été pris 285 fois
  • Le résultat moyen est 36 sur 46

Statistiques - réponses

Nom du pokémon % Correct
003Florizarre
99%
009Tortank
99%
006Dracaufeu
99%
150Mewtwo
95%
018Roucarnage
93%
015Dardargnan
92%
065Alakazam
91%
257Brasegali
91%
260Laggron
90%
254Jungko
90%
384Rayquaza
89%
094Ectoplasma
89%
373Drattak
84%
130Léviator
84%
248Tyranocif
84%
376Métalosse
80%
448Lucario
80%
127Scarabrute
80%
115Kangourex
80%
380Latias
80%
208Steelix
80%
381Latios
80%
719Diancie
80%
362Oniglali
78%
282Gardevoir
77%
531Nanméouïe
76%
303Mysdibule
75%
142Ptéra
75%
323Camérupt
74%
334Altaria
74%
302Ténéfix
73%
306Galeking
73%
475Gallame
73%
229Démolosse
72%
319Sharpedo
72%
310Elecsprint
72%
212Cizayox
71%
181Pharamp
71%
214Scarhino
70%
080Flagadoss
68%
428Lockpin
67%
445Carchacrok
66%
308Charmina
64%
359Absol
64%
460Blizzaroi
63%
354Branette
61%

Distribution des résultats

Percentile by Number Answered

% des personnes avec chaque résultat

Votre développement - résultats

Vous n’avez pas pris ce quiz